000
00268nam a2200109Ia 4500
008
190216s9999||||xx |||||||||||||| ||und||
100
_a
Oscar Tivis Nelson
245
0
_a
People And Performance
260
_b
Allied Publishers Limited
_c
1967
300
_a
366p
942
_c
BK
999
_c
4898
_d
4898